Prosty test matematyczny - Statystyki

Ogólne statystyki
  • Ten quiz został rozwiązany 216 razy
  • Średni wynik to 10 z 10
Statystyki odpowiedzi
Wskazówki Odpowiedzi % Poprawnych
5+6 11
100%
6-9 -3
100%
2+7 9
100%
5×7 35
98%
40÷2 20
97%
3×10 30
97%
2+2×2 6
97%
2+6 8
97%
1+(6-3) 4
96%
10÷4 2,5
89%
Nie znaleziono quizów pasujących do podanych kryteriów
Rozkład punktacji
Procent ludzi z każdym wynikiem
Percentyl według liczby udzielonych odpowiedzi
Twoja historia wyników
Nie rozwiązałeś tego quizu